[Event "Titled Tuesday intern op 16th Jul Late"]
[Site "Chess.com INT"]
[Date "2024.07.16"]
[Round "3"]
[White "Shrauger, Alex Hayden"]
[Black "Thomforde Toates, Noah"]
[Result "0-1"]
[WhiteElo "1979"]
[BlackElo "2124"]
[PlyCount "84"]
[EventDate "2024.07.16"]
[EventType "swiss (blitz)"]
[EventRounds "11"]
[EventCountry "USA"]
[SourceTitle "EXT 2025"]
[Source "ChessBase"]
[SourceDate "2024.10.14"]
[SourceVersion "1"]
[SourceVersionDate "2024.10.14"]
[SourceQuality "1"]

1. e4 c5 2. Nc3 g6 3. d4 cxd4 4. Qxd4 Nf6 5. Nf3 Nc6 6. Qa4 d6 7. e5 dxe5 8. Nxe5 Bd7 9. Nxd7 Nxd7 10. Be3 Bg7 11. Be2 0-0 12. 0-0 Nb6 13. Qh4 Nd5 14. Nxd5 Qxd5 15. c3 Rfd8 16. Bf3 Qb5 17. Rab1 Ne5 18. Be4 Bf6 19. Qg3 Nc4 20. Bc1 Nd2 21. Bxd2 Rxd2 22. Qf3 Rad8 23. Bxb7 Rxb2 24. Rxb2 Qxb2 25. Bd5 Qxc3 26. Qxc3 Bxc3 27. Bb3 Rd2 28. Rd1 Rb2 29. g3 Ba5 30. Rc1 Bb6 31. Rc2 Rb1+ 32. Kg2 e6 33. Rd2 Kg7 34. h4 h5 35. Rc2 Kf6 36. Rd2 Re1 37. Rc2 Ke5 38. Rd2 Re4 39. Rd7 Kf6 40. Kf3 Re5 41. Kg2 Re2 42. Kg1 Rxf2 0-1

[Event "Titled Tuesday intern op 16th Jul Early"]
[Site "Chess.com INT"]
[Date "2024.07.16"]
[Round "5"]
[White "Thomforde Toates, Noah"]
[Black "Csonka, Balazs"]
[Result "0-1"]
[WhiteElo "2124"]
[BlackElo "2473"]
[PlyCount "124"]
[EventDate "2024.07.16"]
[EventType "swiss (blitz)"]
[EventRounds "11"]
[EventCountry "USA"]
[SourceTitle "EXT 2025"]
[Source "ChessBase"]
[SourceDate "2024.10.14"]
[SourceVersion "1"]
[SourceVersionDate "2024.10.14"]
[SourceQuality "1"]

1. d4 d5 2. Nc3 Nf6 3. Bf4 a6 4. e3 b5 5. h4 h6 6. Nf3 e6 7. Ne5 c5 8. g4 Nbd7 9. Rg1 Nxe5 10. Bxe5 Nd7 11. Bg3 Bb7 12. Bg2 Rc8 13. a3 Be7 14. h5 Nb6 15. dxc5 Bxc5 16. Qd3 Nc4 17. b3 Nxa3 18. Kd1 Bb4 19. Be5 f6 20. Na2 Be7 21. Bc3 0-0 22. Bh3 d4 23. exd4 Bd5 24. Rc1 a5 25. Bg2 b4 26. Bd2 Bxg2 27. Rxg2 Qd5 28. f3 Rfd8 29. Re2 Qxd4 30. Qxd4 Rxd4 31. Rxe6 Rcd8 32. Re2 Bd6 33. c3 Rd3 34. Rc2 Nxc2 35. Kxc2 Rxf3 36. cxb4 axb4 37. Bxb4 Rc8+ 38. Kb2 Bxb4 39. Nxb4 Rb8 40. Nc2 Rbxb3+ 41. Kc1 Rb8 42. Re7 Rf4 43. Ne3 Ra4 44. Nf5 Rxg4 45. Rc7 Ra8 46. Ne7+ Kh7 47. Kb1 Rg5 48. Nc6 Rh8 49. Nd4 Rxh5 50. Ne6 Rg5 51. Nxg5+ hxg5 52. Kc2 Kg6 53. Kd3 Re8 54. Rc4 Re6 55. Kd2 f5 56. Kd3 g4 57. Kd2 Kg5 58. Kd1 g6 59. Rc7 g3 60. Rc3 f4 61. Rc2 Kg4 62. Rc4 g2 0-1

[Event "Titled Tuesday intern op 05th Mar Late"]
[Site "Chess.com INT"]
[Date "2024.03.05"]
[Round "1"]
[White "Zampronha, Wladimir Camilo"]
[Black "Thomforde Toates, Noah"]
[Result "0-1"]
[WhiteElo "2119"]
[BlackElo "2124"]
[PlyCount "68"]
[EventDate "2024.03.05"]
[EventType "swiss (blitz)"]
[EventRounds "11"]
[EventCountry "USA"]
[SourceTitle "EXT 2025"]
[Source "ChessBase"]
[SourceDate "2024.10.14"]
[SourceVersion "1"]
[SourceVersionDate "2024.10.14"]
[SourceQuality "1"]

1. e4 c5 2. Nf3 d6 3. d4 cxd4 4. Nxd4 Nf6 5. Nc3 a6 6. Bg5 e6 7. f4 Nbd7 8. Qf3 Qc7 9. 0-0-0 b5 10. e5 dxe5 11. Ndxb5 axb5 12. Qxa8 Bc5 13. Nxb5 Be3+ 14. Kb1 Qc5 15. Qxc8+ Qxc8 16. Nd6+ Ke7 17. Nxc8+ Rxc8 18. fxe5 Bxg5 19. exf6+ Bxf6 20. Bd3 Rb8 21. b3 h5 22. Rhf1 Nb6 23. Bb5 Nd5 24. Rxd5 exd5 25. Be2 h4 26. a4 Kd6 27. a5 Kc5 28. a6 Re8 29. Bd3 Bc3 30. Ka2 f6 31. Rf4 d4 32. Rf1 Kb6 33. h3 Re5 34. Kb1 Ra5 0-1

[Event "Titled Tuesday intern op 20th Feb Late"]
[Site "Chess.com INT"]
[Date "2024.02.20"]
[Round "11"]
[White "Thomforde Toates, Noah"]
[Black "Bold, Andre"]
[Result "1/2-1/2"]
[WhiteElo "2124"]
[BlackElo "2203"]
[PlyCount "106"]
[EventDate "2024.02.20"]
[EventType "swiss (blitz)"]
[EventRounds "11"]
[EventCountry "USA"]
[SourceTitle "EXT 2025"]
[Source "ChessBase"]
[SourceDate "2024.10.14"]
[SourceVersion "1"]
[SourceVersionDate "2024.10.14"]
[SourceQuality "1"]

1. c4 c6 2. Nf3 d5 3. e3 Nf6 4. b3 Bf5 5. Bb2 h6 6. d4 e6 7. Nbd2 Nbd7 8. Be2 Bd6 9. 0-0 0-0 10. h3 Ne4 11. Nxe4 Bxe4 12. Nd2 Bg6 13. f4 Qa5 14. Nf3 Ba3 15. Qc1 Bxb2 16. Qxb2 b5 17. b4 Qa4 18. cxb5 cxb5 19. Rfc1 Nb6 20. Ne5 Nc4 21. Bxc4 bxc4 22. Rc3 Rab8 23. Nxg6 fxg6 24. Rb1 a5 25. b5 Rb6 26. Ra3 Qb4 27. Qxb4 axb4 28. Rxb4 Rfb8 29. Ra5 c3 30. Rb1 c2 31. Rc1 Rxb5 32. Rxb5 Rxb5 33. Rxc2 Ra5 34. Kf2 Ra3 35. Kf3 Kf7 36. Rc7+ Kf6 37. Rc2 g5 38. fxg5+ Kxg5 39. g3 Kf6 40. h4 h5 41. Kf4 g6 42. Rb2 Ra8 43. e4 dxe4 44. Kxe4 Ra3 45. Kf4 Ra4 46. Ke4 Ra3 47. Rg2 Ra5 48. g4 hxg4 49. Rxg4 Rxa2 50. Rf4+ Ke7 51. Rg4 Kf6 52. Rf4+ Ke7 53. Rg4 Kf6 1/2-1/2

[Event "Titled Tuesday intern op 20th Feb Late"]
[Site "Chess.com INT"]
[Date "2024.02.20"]
[Round "8"]
[White "Thomforde Toates, Noah"]
[Black "Gokerkan, Cem Kaan"]
[Result "1-0"]
[WhiteElo "2124"]
[BlackElo "2523"]
[PlyCount "57"]
[EventDate "2024.02.20"]
[EventType "swiss (blitz)"]
[EventRounds "11"]
[EventCountry "USA"]
[SourceTitle "EXT 2025"]
[Source "ChessBase"]
[SourceDate "2024.10.14"]
[SourceVersion "1"]
[SourceVersionDate "2024.10.14"]
[SourceQuality "1"]

1. c4 g6 2. g3 Bg7 3. Bg2 Nf6 4. Nf3 0-0 5. 0-0 c6 6. d4 d5 7. b3 Bf5 8. Bb2 Nbd7 9. Nbd2 a5 10. Re1 a4 11. Nh4 Be6 12. e4 dxe4 13. Nxe4 Nxe4 14. Bxe4 Qa5 15. Qc2 Nf6 16. Bc3 Qa7 17. Bg2 Rfd8 18. Rad1 axb3 19. axb3 Qa2 20. Bb2 Qa5 21. Bc3 Qb6 22. Qb2 Qc7 23. Nf3 Bg4 24. h3 Bxf3 25. Bxf3 Ne8 26. h4 e6 27. h5 Rd7 28. hxg6 hxg6 29. Ra1 1-0

[Event "Titled Tuesday intern op 06th Feb Late"]
[Site "Chess.com INT"]
[Date "2024.02.06"]
[Round "3"]
[White "Thomforde Toates, Noah"]
[Black "Keller, Peter1"]
[Result "1-0"]
[WhiteElo "2124"]
[BlackElo "2328"]
[PlyCount "79"]
[EventDate "2024.02.06"]
[EventType "swiss (blitz)"]
[EventRounds "11"]
[EventCountry "USA"]
[SourceTitle "CBM 218 Extra"]
[Source "ChessBase"]
[SourceDate "2024.03.31"]
[SourceVersion "1"]
[SourceVersionDate "2024.03.31"]
[SourceQuality "1"]

1. d4 Nf6 2. Nc3 d5 3. Bf4 c5 4. e4 Nxe4 5. Nxe4 dxe4 6. dxc5 Qxd1+ 7. Rxd1 Nc6 8. Bb5 f6 9. Ne2 e5 10. Be3 Be6 11. a3 Rd8 12. 0-0 a6 13. Ba4 Be7 14. Nc3 f5 15. b4 Kf7 16. g3 Nd4 17. Bxd4 exd4 18. Ne2 Bc4 19. Nxd4 Bxf1 20. Kxf1 Bf6 21. Bb3+ Kg6 22. c3 Rhe8 23. Ke2 Be5 24. Ke3 Kf6 25. h4 g6 26. Bc4 h6 27. Rh1 Rh8 28. Bb3 g5 29. hxg5+ hxg5 30. Rxh8 Rxh8 31. Bd5 Rh1 32. Bxb7 a5 33. bxa5 Ra1 34. Nb5 Ra2 35. a6 Bb8 36. c6 Ke6 37. c7 Bxc7 38. Nxc7+ Kd7 39. a7 Rxa3 40. a8Q 1-0

[Event "Titled Tuesday intern op 16th Jan Early"]
[Site "Chess.com INT"]
[Date "2024.01.16"]
[Round "8"]
[White "Dolezal, Cristian"]
[Black "Thomforde Toates, Noah"]
[Result "0-1"]
[WhiteElo "2378"]
[BlackElo "2124"]
[PlyCount "112"]
[EventDate "2024.01.16"]
[EventType "swiss (blitz)"]
[EventRounds "11"]
[EventCountry "USA"]
[SourceTitle "CBM 218 Extra"]
[Source "ChessBase"]
[SourceDate "2024.03.31"]
[SourceVersion "1"]
[SourceVersionDate "2024.03.31"]
[SourceQuality "1"]

1. d4 Nf6 2. Nc3 g6 3. e4 d6 4. Bg5 Bg7 5. Qe2 Nc6 6. 0-0-0 h6 7. Bh4 g5 8. Bg3 Bg4 9. f3 Bh5 10. Bf2 Bg6 11. Qd2 Nd7 12. h4 e6 13. hxg5 hxg5 14. Rxh8+ Bxh8 15. Nh3 Bf6 16. Be3 g4 17. Nf4 Nf8 18. Bb5 a6 19. Bxc6+ bxc6 20. Nce2 gxf3 21. gxf3 Qb8 22. c3 Qb5 23. Nxg6 Nxg6 24. Nf4 Nxf4 25. Bxf4 a5 26. e5 Be7 27. Qh2 Kd7 28. Qh7 Qd5 29. exd6 cxd6 30. Bd2 Qxf3 31. Rg1 a4 32. Rg7 Rf8 33. a3 d5 34. Qc2 Qh1+ 35. Qd1 Qxd1+ 36. Kxd1 Bf6 37. Rh7 Ke7 38. c4 Rh8 39. Bb4+ Ke8 40. Rxh8+ Bxh8 41. cxd5 cxd5 42. Bc5 Kd7 43. Kc2 Kc6 44. b3 axb3+ 45. Kxb3 e5 46. a4 e4 47. Kc3 f5 48. Be7 f4 49. Bg5 f3 50. Be3 Bf6 51. Kb4 Be7+ 52. Kc3 Bh4 53. Kd2 Kb6 54. Bf4 Bf2 55. Bd6 Bxd4 56. Be5 Bxe5 0-1

[Event "Titled Tuesday intern op 16th Jan Late"]
[Site "Chess.com INT"]
[Date "2024.01.16"]
[Round "3"]
[White "Gavrilov, Maxim"]
[Black "Thomforde Toates, Noah"]
[Result "0-1"]
[WhiteElo "2186"]
[BlackElo "2124"]
[PlyCount "130"]
[EventDate "2024.01.16"]
[EventType "swiss (blitz)"]
[EventRounds "11"]
[EventCountry "USA"]
[SourceTitle "CBM 218 Extra"]
[Source "ChessBase"]
[SourceDate "2024.03.31"]
[SourceVersion "1"]
[SourceVersionDate "2024.03.31"]
[SourceQuality "1"]

1. e4 c5 2. Nf3 g6 3. d4 cxd4 4. Qxd4 Nf6 5. Nc3 Nc6 6. Qa4 d6 7. e5 dxe5 8. Nxe5 Bd7 9. Nxd7 Nxd7 10. Bd2 Bg7 11. 0-0-0 Nb6 12. Qe4 Qc8 13. h4 Qf5 14. Qxf5 gxf5 15. h5 0-0-0 16. Bd3 e6 17. Rhe1 Nb4 18. Bb5 a6 19. Na4 N6d5 20. Be2 b5 21. Nb6+ Nxb6 22. Bxb4 Bh6+ 23. Kb1 Rxd1+ 24. Rxd1 Nd5 25. Ba5 Bf4 26. Bf3 Ne7 27. Bb4 Bg5 28. a4 bxa4 29. Rd6 Kc7 30. Rxa6 Nc8 31. Rc6+ Kd7 32. Ra6 Be7 33. Bc3 Rg8 34. Be5 f6 35. Bc6+ Kd8 36. Bc3 e5 37. Bxa4 Bd6 38. Ba5+ Ke7 39. Bc6 e4 40. f3 Rxg2 41. fxe4 f4 42. e5 Rg1+ 43. Ka2 Bxe5 44. Bb7 Nd6 45. Bd5 Rf1 46. Ra7+ Kf8 47. Bb4 Rd1 48. Be6 f3 49. Bxd6+ Rxd6 50. Bf5 f2 51. Bh3 Rd1 52. Rxh7 f1Q 53. Bxf1 Rxf1 54. c3 Rh1 55. Kb3 Rh2 56. h6 f5 57. Ra7 Rxh6 58. Ra5 Re6 59. Kc4 Kf7 60. Kd5 Kf6 61. Rb5 Rd6+ 62. Kc4 Rd2 63. b4 f4 64. Rc5 f3 65. Rd5 Rxd5 0-1

[Event "Titled Tuesday intern op 16th Jan Early"]
[Site "Chess.com INT"]
[Date "2024.01.16"]
[Round "3"]
[White "Jumabayev, Rinat"]
[Black "Thomforde Toates, Noah"]
[Result "0-1"]
[WhiteElo "2598"]
[BlackElo "2124"]
[PlyCount "70"]
[EventDate "2024.01.16"]
[EventType "swiss (blitz)"]
[EventRounds "11"]
[EventCountry "USA"]
[SourceTitle "CBM 218 Extra"]
[Source "ChessBase"]
[SourceDate "2024.03.31"]
[SourceVersion "1"]
[SourceVersionDate "2024.03.31"]
[SourceQuality "1"]

1. d4 Nf6 2. c4 g6 3. g3 Bg7 4. Bg2 0-0 5. Nf3 d6 6. 0-0 Nc6 7. Nc3 e5 8. dxe5 Nxe5 9. Qb3 Nfd7 10. Nxe5 Bxe5 11. Be3 c6 12. Rad1 Qc7 13. Qc2 Nc5 14. b4 Ne6 15. Qd2 a5 16. b5 Rd8 17. bxc6 bxc6 18. f4 Bg7 19. f5 gxf5 20. Rxf5 Ba6 21. Rdf1 Bxc4 22. Rxf7 Qxf7 23. Rxf7 Kxf7 24. Bxc6 Rac8 25. Bb7 Rc7 26. Bb6 Rxb7 27. Bxd8 Bd4+ 28. e3 Be5 29. Bh4 Nc5 30. e4 Nd3 31. Kg2 Rb2 32. Qxb2 Nxb2 33. Nd5 Bxa2 34. Kf3 Bxd5 35. exd5 a4 0-1

[Event "Titled Tuesday intern op 16th Jan Early"]
[Site "Chess.com INT"]
[Date "2024.01.16"]
[Round "2"]
[White "Monpeurt, Cyrielle"]
[Black "Thomforde Toates, Noah"]
[Result "0-1"]
[WhiteElo "2187"]
[BlackElo "2124"]
[PlyCount "84"]
[EventDate "2024.01.16"]
[EventType "swiss (blitz)"]
[EventRounds "11"]
[EventCountry "USA"]
[SourceTitle "CBM 218 Extra"]
[Source "ChessBase"]
[SourceDate "2024.03.31"]
[SourceVersion "1"]
[SourceVersionDate "2024.03.31"]
[SourceQuality "1"]

1. Nf3 Nf6 2. b3 g6 3. Bb2 Bg7 4. e4 d6 5. d3 c5 6. Be2 Nc6 7. 0-0 0-0 8. Nbd2 Ne8 9. Bxg7 Nxg7 10. Re1 Rb8 11. Bf1 b5 12. g3 b4 13. Bg2 Bg4 14. Nf1 e5 15. Ne3 Bxf3 16. Qxf3 Ne6 17. Nd5 Kg7 18. Qe3 Nc7 19. f4 f6 20. a3 a5 21. axb4 axb4 22. Ra2 Nxd5 23. exd5 Nd4 24. Rea1 Rf7 25. Bh3 Re7 26. Qf2 f5 27. Bg2 exf4 28. gxf4 Qf8 29. Kh1 Rbe8 30. h4 Qf6 31. Ra7 Rxa7 32. Rxa7+ Re7 33. Ra8 Re2 34. Qg3 Rxc2 35. h5 Ne2 36. Ra7+ Kh6 37. Qh3 Nxf4 38. Qg3 Nxh5 39. Qe3+ f4 40. Qe8 Qh4+ 41. Kg1 Qf2+ 42. Kh1 Qxg2# 0-1

[Event "Titled Tuesday intern op 16th Jan Late"]
[Site "Chess.com INT"]
[Date "2024.01.16"]
[Round "8"]
[White "Przybylski, Wojciech"]
[Black "Thomforde Toates, Noah"]
[Result "1-0"]
[WhiteElo "2308"]
[BlackElo "2124"]
[PlyCount "61"]
[EventDate "2024.01.16"]
[EventType "swiss (blitz)"]
[EventRounds "11"]
[EventCountry "USA"]
[SourceTitle "CBM 218 Extra"]
[Source "ChessBase"]
[SourceDate "2024.03.31"]
[SourceVersion "1"]
[SourceVersionDate "2024.03.31"]
[SourceQuality "1"]

1. d4 Nf6 2. g3 g6 3. Bg2 Bg7 4. e4 d6 5. Nc3 Nbd7 6. Nf3 c5 7. 0-0 cxd4 8. Nxd4 0-0 9. Re1 a6 10. a4 e6 11. Be3 Qc7 12. a5 Rb8 13. h3 b5 14. Nb3 Rd8 15. Rc1 Bb7 16. Qe2 Nc5 17. e5 Nfd7 18. exd6 Qxd6 19. Bxb7 Nxb7 20. Red1 Qc6 21. Nd4 Qc7 22. Nb3 Nxa5 23. Nxa5 Qxa5 24. Bg5 Nf6 25. Rxd8+ Qxd8 26. Ne4 h6 27. Rd1 Qe7 28. Bxf6 Bxf6 29. Rd7 Qb4 30. Nxf6+ Kg7 31. Qe5 1-0

[Event "Titled Tuesday intern op 16th Jan Late"]
[Site "Chess.com INT"]
[Date "2024.01.16"]
[Round "2"]
[White "Thomforde Toates, Noah"]
[Black "Horton, Jamie A"]
[Result "1-0"]
[WhiteElo "2124"]
[BlackElo "2177"]
[PlyCount "35"]
[EventDate "2024.01.16"]
[EventType "swiss (blitz)"]
[EventRounds "11"]
[EventCountry "USA"]
[SourceTitle "CBM 218 Extra"]
[Source "ChessBase"]
[SourceDate "2024.03.31"]
[SourceVersion "1"]
[SourceVersionDate "2024.03.31"]
[SourceQuality "1"]

1. d4 Nf6 2. Nc3 d5 3. Bf4 e6 4. e3 a6 5. g4 c5 6. g5 Nfd7 7. Qg4 Nc6 8. 0-0-0 b5 9. Qg3 Qb6 10. e4 cxd4 11. exd5 dxc3 12. dxc6 cxb2+ 13. Kb1 Nc5 14. Bc7 Qxc6 15. Bg2 Ne4 16. Bxe4 Qxe4 17. Rd8+ Ke7 18. Qd6# 1-0

[Event "Titled Tuesday intern op 26th Dec Late"]
[Site "Chess.com INT"]
[Date "2023.12.26"]
[Round "11"]
[White "Silva, Kaua Marques"]
[Black "Thomforde Toates, Noah"]
[Result "1-0"]
[WhiteElo "2161"]
[BlackElo "2124"]
[PlyCount "143"]
[EventDate "2023.12.26"]
[EventType "swiss (blitz)"]
[EventRounds "11"]
[EventCountry "USA"]
[SourceTitle "EXT 2025"]
[Source "ChessBase"]
[SourceDate "2024.10.14"]
[SourceVersion "1"]
[SourceVersionDate "2024.10.14"]
[SourceQuality "1"]

1. e4 c5 2. Nf3 g6 3. d4 cxd4 4. Nxd4 Bg7 5. Nc3 Nc6 6. Be3 Nf6 7. Be2 0-0 8. 0-0 d5 9. exd5 Nxd5 10. Nxd5 Qxd5 11. Bf3 Qa5 12. Nxc6 bxc6 13. c3 Rb8 14. Qc1 Qb5 15. Bxa7 Rb7 16. Bd4 e5 17. Be3 Qxb2 18. Bxc6 Qxc1 19. Rfxc1 Rc7 20. Bd5 Ba6 21. c4 Rfc8 22. Rab1 Bf8 23. Bb6 Rd7 24. a4 Bh6 25. Re1 Bxc4 26. Bxc4 Rxc4 27. a5 Ra4 28. Rxe5 Bd2 29. g3 Rd3 30. Rd1 Bxa5 31. Rxd3 Bxb6 32. Rf3 Ra7 33. Kg2 Kg7 34. Rb5 Bd4 35. g4 h6 36. h4 Bf6 37. Kg3 Be7 38. g5 hxg5 39. hxg5 Bd6+ 40. Kg2 Be7 41. Re3 Bd6 42. Rd3 Bf4 43. Kf3 Bc1 44. Rc3 Ba3 45. Kg4 Bd6 46. Rc4 Ra2 47. Rd5 Bb8 48. Rc8 Ra4+ 49. Kh3 Bf4 50. f3 Ra2 51. Kg4 Be3 52. f4 Ra4 53. Rdd8 Rxf4+ 54. Kg3 Rf3+ 55. Kxf3 Bxg5 56. Rd7 Kf6 57. Rcc7 Ke6 58. Rxf7 Bf6 59. Rb7 Be5 60. Kg4 Kd5 61. Kg5 Ke6 62. Kxg6 Kd5 63. Rfe7 Bd6 64. Red7 Kc6 65. Kf6 Bc5 66. Ke6 Bg1 67. Rbc7+ Kb6 68. Rc2 Kb5 69. Rd1 Bc5 70. Rb1+ Bb4 71. Rcb2 Kc4 72. Rxb4+ 1-0

[Event "Titled Tuesday intern op 26th Dec Early"]
[Site "Chess.com INT"]
[Date "2023.12.26"]
[Round "2"]
[White "Teimouri Yadkuri, Shahdad"]
[Black "Thomforde Toates, Noah"]
[Result "1-0"]
[WhiteElo "2165"]
[BlackElo "2124"]
[PlyCount "129"]
[EventDate "2023.12.26"]
[EventType "swiss (blitz)"]
[EventRounds "11"]
[EventCountry "USA"]
[SourceTitle "EXT 2025"]
[Source "ChessBase"]
[SourceDate "2024.10.14"]
[SourceVersion "1"]
[SourceVersionDate "2024.10.14"]
[SourceQuality "1"]

1. e4 c5 2. Nf3 g6 3. c4 Bg7 4. d4 cxd4 5. Nxd4 Nc6 6. Be3 Nf6 7. Nc3 Ng4 8. Qxg4 Nxd4 9. Qd1 Ne6 10. Rc1 Qa5 11. Qd2 0-0 12. Be2 d6 13. 0-0 Bd7 14. Nd5 Qxd2 15. Nxe7+ Kh8 16. Bxd2 Rfe8 17. Nd5 Bc6 18. b3 Nd4 19. Bd3 Bxd5 20. exd5 Ne2+ 21. Bxe2 Rxe2 22. Rcd1 Bd4 23. a4 Rae8 24. Bb4 Be5 25. f4 Bf6 26. Bxd6 Rb2 27. Be5 Bxe5 28. fxe5 Rxe5 29. Rf2 Rxb3 30. Rxf7 Kg8 31. Rf2 Rb4 32. d6 Re8 33. d7 Rd8 34. Re2 Kf7 35. Rf1+ Kg7 36. Re7+ Kh6 37. Rff7 Rb1+ 38. Kf2 Rd1 39. h4 Kh5 40. Rxh7+ Kg4 41. Reg7 Kf5 42. Kf3 Rd3+ 43. Ke2 Rd4 44. Rf7+ Kg4 45. Rhg7 Rd6 46. c5 Re6+ 47. Kd3 Kg3 48. Re7 Rxe7 49. Rxe7 Kxg2 50. Kd4 Kg3 51. Kd5 Kxh4 52. Kd6 g5 53. Re8 Rxd7+ 54. Kxd7 g4 55. Rh8+ Kg3 56. Rg8 b6 57. cxb6 axb6 58. Kc6 b5 59. Kxb5 Kf2 60. a5 g3 61. a6 g2 62. Rxg2+ Kxg2 63. a7 Kf2 64. a8Q Ke3 65. Kc4 1-0

[Event "Titled Tuesday intern op 12th Dec Late"]
[Site "Chess.com INT"]
[Date "2023.12.12"]
[Round "2"]
[White "Zampronha, Wladimir Camilo"]
[Black "Thomforde Toates, Noah"]
[Result "1/2-1/2"]
[WhiteElo "2121"]
[BlackElo "2124"]
[PlyCount "161"]
[EventDate "2023.12.12"]
[EventType "swiss (blitz)"]
[EventRounds "11"]
[EventCountry "USA"]
[SourceTitle "EXT 2025"]
[Source "ChessBase"]
[SourceDate "2024.10.14"]
[SourceVersion "1"]
[SourceVersionDate "2024.10.14"]
[SourceQuality "1"]

1. e4 c5 2. Nf3 g6 3. d4 cxd4 4. Nxd4 Bg7 5. Nc3 Nc6 6. Be3 Nf6 7. Bc4 0-0 8. Bb3 a5 9. 0-0 d6 10. f3 Bd7 11. Qd2 Nxd4 12. Bxd4 a4 13. Bc4 Qa5 14. a3 Rfc8 15. Ba2 b5 16. Rfd1 Rab8 17. Nd5 Qxd2 18. Rxd2 Nxd5 19. Bxg7 Kxg7 20. Bxd5 b4 21. axb4 Rxb4 22. b3 axb3 23. Bxb3 Kf6 24. Ra5 Be6 25. Bxe6 Kxe6 26. Ra2 Rb1+ 27. Kf2 Rc3 28. Rd3 Rc4 29. c3 Rc1 30. Ra3 Rc2+ 31. Kg3 Rc5 32. h4 Rb5 33. Ra1 Rbb2 34. Rg1 h5 35. Re3 Rb3 36. Rd3 Rbb2 37. Re3 Rd2 38. Kh3 Rbc2 39. Kg3 Ke5 40. f4+ Ke6 41. Kf3 Rf2+ 42. Kg3 Rfe2 43. Rxe2 Rxe2 44. Kf3 Rc2 45. Re1 Rxc3+ 46. Kf2 Rc2+ 47. Kf3 Rc3+ 48. Kf2 Kf6 49. Ra1 Rc2+ 50. Kf3 Rb2 51. Ra5 Rb3+ 52. Kf2 Ke6 53. Ra7 f6 54. Ra5 f5 55. exf5+ gxf5 56. Ra8 Rb4 57. Kf3 Rb3+ 58. Kf2 Kd5 59. Rh8 Ke4 60. Rxh5 Kxf4 61. Rh7 Rb2+ 62. Kf1 e5 63. Rd7 Rd2 64. h5 Ke3 65. Kg1 Rd1+ 66. Kh2 Rd4 67. g3 Kf3 68. h6 Rd2+ 69. Kh3 Rd1 70. Kh4 Rh1+ 71. Kg5 Kxg3 72. Rxd6 f4 73. Re6 f3 74. Rxe5 f2 75. Rf5 f1Q 76. Rxf1 Rxf1 77. h7 Rf8 78. Kg6 Kg4 79. Kg7 Ra8 80. h8Q Rxh8 81. Kxh8 1/2-1/2

[Event "Titled Tuesday intern op 05th Dec Late"]
[Site "Chess.com INT"]
[Date "2023.12.05"]
[Round "8"]
[White "Shton, Roman"]
[Black "Thomforde Toates, Noah"]
[Result "0-1"]
[WhiteElo "2020"]
[BlackElo "2124"]
[PlyCount "96"]
[EventDate "2023.12.05"]
[EventType "swiss (blitz)"]
[EventRounds "11"]
[EventCountry "USA"]
[SourceTitle "EXT 2025"]
[Source "ChessBase"]
[SourceDate "2024.10.14"]
[SourceVersion "1"]
[SourceVersionDate "2024.10.14"]
[SourceQuality "1"]

1. d4 Nf6 2. Nf3 g6 3. c4 Bg7 4. Nc3 0-0 5. Bg5 d6 6. e3 a6 7. Be2 c5 8. d5 b5 9. cxb5 axb5 10. Bxb5 Qa5 11. Nd2 Ba6 12. Nc4 Qc7 13. a4 Nbd7 14. Kf1 Nb6 15. Nxb6 Qxb6 16. Kg1 Rfb8 17. h4 h6 18. Bf4 Nh5 19. Rb1 Nxf4 20. exf4 Qa5 21. Qd3 Qb4 22. g3 c4 23. Qc2 Bxb5 24. axb5 Qc5 25. h5 gxh5 26. Rxh5 Ra5 27. g4 Qd4 28. Rf5 Qd3 29. Rc1 Bxc3 30. Qxc3 Raxb5 31. Qxc4 Qd2 32. Qc2 Qd4 33. Qc3 Qe4 34. Qc2 Qf3 35. Qd1 Qxd1+ 36. Rxd1 Rxb2 37. g5 h5 38. Re1 Rb1 39. Kf1 Rxe1+ 40. Kxe1 Kg7 41. Ke2 Kg6 42. Rf6+ exf6 43. gxf6 Kxf6 44. f5 Kxf5 45. Kf3 Ke5 46. Kg3 Kxd5 47. Kh4 Rb4+ 48. Kxh5 Rf4 0-1

[Event "Titled Tuesday intern op 05th Dec Late"]
[Site "Chess.com INT"]
[Date "2023.12.05"]
[Round "1"]
[White "Thomforde Toates, Noah"]
[Black "Micic, Aleksa"]
[Result "1-0"]
[WhiteElo "2124"]
[BlackElo "2223"]
[PlyCount "79"]
[EventDate "2023.12.05"]
[EventType "swiss (blitz)"]
[EventRounds "11"]
[EventCountry "USA"]
[SourceTitle "EXT 2025"]
[Source "ChessBase"]
[SourceDate "2024.10.14"]
[SourceVersion "1"]
[SourceVersionDate "2024.10.14"]
[SourceQuality "1"]

1. d4 Nf6 2. Nc3 e6 3. Bf4 d5 4. e3 a6 5. Bd3 c5 6. dxc5 Bxc5 7. Nf3 Nc6 8. 0-0 0-0 9. e4 dxe4 10. Nxe4 Nxe4 11. Bxe4 Bd7 12. Bxh7+ Kxh7 13. Ng5+ Kg6 14. Qg4 f5 15. Qg3 Kf6 16. Rad1 Rh8 17. Rfe1 Qe7 18. Nxe6 Qxe6 19. Rxe6+ Bxe6 20. Qc3+ Bd4 21. Rxd4 Nxd4 22. Qxd4+ Kf7 23. Qb6 Rhd8 24. h4 Rd7 25. b3 Rc8 26. c4 Rc6 27. Qe3 b5 28. c5 a5 29. Bd6 a4 30. bxa4 bxa4 31. a3 Rb7 32. Qf3 Bd7 33. Qd5+ Kg6 34. Kh2 Rb3 35. h5+ Kh7 36. Qf7 Rb7 37. Qg6+ Kh8 38. h6 Bc8 39. Qe8+ Kh7 40. Qxc6 1-0

[Event "Titled Tuesday intern op 28th Nov Late"]
[Site "Chess.com INT"]
[Date "2023.11.28"]
[Round "4"]
[White "Olenik Campa, Rudi"]
[Black "Thomforde Toates, Noah"]
[Result "1/2-1/2"]
[WhiteElo "2294"]
[BlackElo "2124"]
[PlyCount "181"]
[EventDate "2023.11.28"]
[EventType "swiss (blitz)"]
[EventRounds "11"]
[EventCountry "USA"]
[SourceTitle "EXT 2025"]
[Source "ChessBase"]
[SourceDate "2024.10.14"]
[SourceVersion "1"]
[SourceVersionDate "2024.10.14"]
[SourceQuality "1"]

1. e4 c5 2. Nf3 g6 3. c3 Bg7 4. d4 cxd4 5. cxd4 Nf6 6. Nc3 d5 7. e5 Ne4 8. Bd3 Bf5 9. 0-0 0-0 10. Re1 Nc6 11. Nxe4 dxe4 12. Bxe4 Bxe4 13. Rxe4 Qd5 14. Re1 Rfd8 15. Be3 e6 16. Rc1 Qa5 17. Qb3 Rd7 18. Rc5 Qa6 19. d5 exd5 20. Rxd5 Rxd5 21. Qxd5 Rd8 22. Qb3 Nxe5 23. Nxe5 Bxe5 24. g3 Bf6 25. h4 Kg7 26. h5 gxh5 27. a3 b6 28. Rd1 Rxd1+ 29. Qxd1 Qb5 30. Bd4 Kg6 31. Bxf6 Kxf6 32. Qd4+ Qe5 33. Qd8+ Kg6 34. Qd3+ Qf5 35. Qd6+ Kg5 36. Qe7+ Kg4 37. Qe2+ Kg5 38. Qe7+ f6 39. Qxa7 Qb1+ 40. Kg2 Qe4+ 41. Kh2 Qd4 42. Qg7+ Kf5 43. Qxh7+ Ke6 44. Qg8+ Ke5 45. Qe8+ Kf5 46. Qxh5+ Ke6 47. Qe8+ Kf5 48. Qc8+ Kg5 49. Qc1+ Kg6 50. Qc2+ f5 51. Kg2 Qd5+ 52. f3 Kg5 53. Qe2 Qd4 54. b4 Qc3 55. Qe7+ Kg6 56. Qe6+ Kg7 57. Qxf5 Qxa3 58. Qe5+ Kf7 59. Qd5+ Kg7 60. Qd4+ Kg8 61. Qxb6 Qa2+ 62. Kh3 Qd5 63. Qg6+ Kf8 64. f4 Qh1+ 65. Kg4 Qd1+ 66. Kg5 Qd2 67. b5 Qe3 68. Qf6+ Kg8 69. Qd8+ Kg7 70. Qc7+ Kg8 71. Kg4 Qe2+ 72. Kf5 Qh5+ 73. Ke4 Qe2+ 74. Kd5 Qxb5+ 75. Qc5 Qd3+ 76. Ke5 Qxg3 77. Qc8+ Kh7 78. Qf5+ Kh8 79. Qf6+ Kh7 80. Ke6 Qb3+ 81. Ke7 Qb7+ 82. Kd6 Qb6+ 83. Ke5 Qb2+ 84. Kf5 Qc2+ 85. Kg4 Qg2+ 86. Kh5 Qh3+ 87. Qh4 Qf5+ 88. Qg5 Qh3+ 89. Qh4 Qf5+ 90. Qg5 Qh3+ 91. Qh4 1/2-1/2